<?xml version="1.0" encoding="UTF-8"?><?xml-stylesheet type="text/xsl" href="static/style.xsl"?><OAI-PMH xmlns="http://www.openarchives.org/OAI/2.0/" xmlns:xsi="http://www.w3.org/2001/XMLSchema-instance" xsi:schemaLocation="http://www.openarchives.org/OAI/2.0/ http://www.openarchives.org/OAI/2.0/OAI-PMH.xsd"><responseDate>2026-04-17T03:54:12Z</responseDate><request verb="GetRecord" identifier="oai:www.recercat.cat:2072/474522" metadataPrefix="marc">https://recercat.cat/oai/request</request><GetRecord><record><header><identifier>oai:recercat.cat:2072/474522</identifier><datestamp>2024-11-04T07:34:22Z</datestamp><setSpec>com_2072_98</setSpec><setSpec>col_2072_378192</setSpec></header><metadata><record xmlns="http://www.loc.gov/MARC21/slim" xmlns:dcterms="http://purl.org/dc/terms/" xmlns:xsi="http://www.w3.org/2001/XMLSchema-instance" xmlns:doc="http://www.lyncode.com/xoai" xsi:schemaLocation="http://www.loc.gov/MARC21/slim http://www.loc.gov/standards/marcxml/schema/MARC21slim.xsd">
   <leader>00925njm 22002777a 4500</leader>
   <datafield ind2=" " ind1=" " tag="042">
      <subfield code="a">dc</subfield>
   </datafield>
   <datafield ind2=" " ind1=" " tag="720">
      <subfield code="a">Huertas Bailén, Amparo</subfield>
      <subfield code="e">author</subfield>
   </datafield>
   <datafield ind2=" " ind1=" " tag="260">
      <subfield code="c">2018</subfield>
   </datafield>
   <datafield ind2=" " ind1=" " tag="520">
      <subfield code="a">Este texto evalúa el estado actual de los estudios de medición de audiencia tras la expansión de la tecnología digital. En primer lugar, aborda los nuevos planteamientos metodológicos que surgen con la creciente hiperespecialización del consumo mediático, prestando especial atención a la minusvaloración de las variables sociodemográficas y la creación de nuevas métricas. En segundo lugar, reúne los argumentos a favor y en contra del mantenimiento de un único estudio por país. Mientras directivos de empresas como Netflix indican que los grandes sondeos no aportan información relevante, aquellos medios que dependen de los ingresos publicitarios temen la pérdida de esa "moneda única" que hoy emplean para establecer el valor comercial de sus públicos. Pero este no es solo un tema económico, abandonar la idea del monopolio supondría un paso más en la degradación de la función pública de los medios.</subfield>
   </datafield>
   <datafield ind1="8" ind2=" " tag="024">
      <subfield code="a">http://hdl.handle.net/2072/474522</subfield>
   </datafield>
   <datafield ind2="0" ind1="0" tag="245">
      <subfield code="a">Continuidades y rupturas en la medición de las audiencias</subfield>
   </datafield>
</record></metadata></record></GetRecord></OAI-PMH>